000 00586nam a2200217Ia 4500
001 3151
003 GE_BSU
008 181216s||||||||xx |||||||||||||| ||und||
020 _a862254765
040 _cGE_BSU
080 _a33(075.8)
245 _aЭкономика предприятия: Учебник
245 _cпод. ред. проф. О.И. Волкова
260 _aМосква
260 _bИНФРА
260 _c1998
300 _a416 ст.
541 _h10 Л.;40Т.
653 _aЭкономика предприятия: Учебник
942 _cBK
999 _c37195
_d37195